Normal view MARC view
  • DEITAL, PAUL

Entry Personal Name

Number of records used in: 2

001 - CONTROL NUMBER

  • control field: 89233

003 - CONTROL NUMBER IDENTIFIER

  • control field: NUST

005 - DATE AND TIME OF LATEST TRANSACTION

  • control field: 20220221091914.0

008 - FIXED-LENGTH DATA ELEMENTS

  • fixed length control field: 220221|| aca||aabn | a|a d

040 ## - CATALOGING SOURCE

  • Original cataloging agency: NUST
  • Transcribing agency: NUST

100 ## - HEADING--PERSONAL NAME

  • Personal name: DEITAL, PAUL

670 ## - SOURCE DATA FOUND

  • Source citation: Work cat.: (NUST): DEITAL, PAUL., JAVA FOR PROGRAMMERS /, 2017.
© 2023 Central Library, National University of Sciences and Technology. All Rights Reserved.